First and Last Letters III Quiz Stats

Quiz Updated Mar 13, 2012

Challenge
Share
Tweet
Embed
Score 0/35 Timer 05:00
0 Plays Today
Hint Word % Correct
_ V A D _EVADE
96.4%
_ V O K _EVOKE
96.4%
_ X A C _EXACT
96.3%
_ T U F _STUFF
94.8%
_ H A V _SHAVE
94.5%
_ N G R _ANGRY
94.5%
_ H O V _SHOVE
94.4%
_ X T R _EXTRA
94.3%
_ W E P _SWEPT
94.1%
_ T A F _STAFF
94%
_ X I S _EXIST
93.5%
_ W A K _AWAKE
93.3%
_ K I L _SKILL
92.8%
_ B O V _ABOVE
92.8%
_ T O C _STOCK
92.4%
_ X E R _EXERT
92.3%
_ D A P _ADAPT
92.1%
_ W I F _SWIFT
91.6%
Hint Word % Correct
_ M U S _AMUSE
91.2%
_ X A L _EXALT
91%
_ T I F _STIFF
90.7%
_ C U F _SCUFF
90.5%
_ M P T _EMPTY
90.5%
_ G I L _AGILE
90.4%
_ P O K _SPOKE
90.3%
_ W F U _AWFUL
90.2%
_ V I C _EVICT
89.9%
_ G A I _AGAIN
89.3%
_ X U L _EXULT
89%
_ T A C _STACK
88.3%
_ T T I _ATTIC
87.8%
_ P O U _SPOUT
86.9%
_ T L A _ATLAS
86.8%
_ K U N _SKUNK
85.6%
_ T C H _ITCHY
83.7%

You're not logged in!

Compare scores with friends on all Sporcle quizzes.
Join for Free
OR
Log In

You Might Also Like...

Show Comments

Extras

Top Quizzes Today


Score Distribution

Your Account Isn't Verified!

In order to create a playlist on Sporcle, you need to verify the email address you used during registration. Go to your Sporcle Settings to finish the process.

Report this User

Report this user for behavior that violates our Community Guidelines.

Details: